| 000 | 01092cam a2200277 a 4500 | ||
|---|---|---|---|
| 001 | 000010661 | ||
| 003 | UkOxU | ||
| 005 | 20200929162250.0 | ||
| 008 | 770524m19739999ve a 001 0 spa d | ||
| 035 | _aOCLC ocm02991647 from D970828M | ||
| 040 |
_aDO-SdBNP _bspa _cIXA _dEQO _dBNPHU |
||
| 082 |
_a001.487 _bG192i |
||
| 100 | 1 |
_aGamero, Alonso. _q(Alonso Gamero Reyes) _d1923- _925825 |
|
| 245 | 1 | 0 |
_aImagen de la ciencia / _cAlonso Gamero ; prólogo Miguel Layrisse. |
| 260 |
_aCaracas : _bMonte Ávila Editores, _c1973. |
||
| 300 |
_av. : _bil. ; _c16 cm. |
||
| 490 | 1 |
_aCientífica _v36 |
|
| 500 | _a"Una recopilación de algunos de los programas radiales que, bajo el título de 'Imagen de la ciencia' se han estado difundiendo diariamente en varias emisoras del país." | ||
| 650 | 4 |
_aInvestigación científica _xVenezuela _925826 |
|
| 650 | 4 |
_aTecnología _xVenezuela _925827 |
|
| 650 | 4 |
_aRecuperación de tierras _xVenezuela _925828 |
|
| 700 | 1 |
_aLayrisse, Miguel, _epról. _925829 |
|
| 830 | 0 |
_aCientífica ; _v36 _925797 |
|
| 910 | _aCatalogación por copia / Oxford | ||
| 049 | _aBNGR | ||
| 999 |
_c10416 _d10416 |
||